Score 0/15 Timer 08:00
0 Plays Today
% Correct
China
92.3%
Kuwait
76.9%
Argentina
69.2%
Mexico
61.5%
Tonga
61.5%
Nauru
61.5%
Peru
38.5%
Pakistan
38.5%
% Correct
Slovakia
38.5%
Botswana
30.8%
Philippines
30.8%
Morocco
30.8%
Tunisia
30.8%
Bulgaria
30.8%
United Arab Emirates
30.8%
Remove Ads.
Support Sporcle.
Get the best of Sporcle when you Go Orange. This ad-free experience offers more features, more stats, and more fun while also helping to support Sporcle. Thank you for becoming a member.

You're not logged in!

Compare scores with friends on all Sporcle quizzes.
OR
Log In

Sporcle TV

Today on Sporcle TV


Watch our educational content, quiz creation guides, and fun videos on Sporcle TV.

Show Comments

Extras

Top Quizzes Today


Score Distribution

Paid Content

Your Account Isn't Verified!

In order to create a playlist on Sporcle, you need to verify the email address you used during registration. Go to your Sporcle Settings to finish the process.

Report this User

Report this user for behavior that violates our Community Guidelines.

Details: